00669nam a22002057a 450000500170000001000130001702000100003003500130004003700160005304000120006908200150008110000220009624500680011826000440018627000570023030000260028750000420031365000690035565000390042420170124110213.0 aA-895105 c00.00 aA-895105 bCen Lib/Ret aDPLbEN a320.5bWAD aWadhavekar, M. S. aPolitical thought of Jayaprakash Narayan /cby M. S. Wadhavekar bHimalaya Publishing HouseaBombayc1997 bBombaya"Ramdoot" Dr. Bhalerao Marg, Girgaone400004 axiii,212p. c22cm(Hb) aIncludes bibliographical references  aNarayan, Jayaprakash, -- 1902-1979 -- Political and social views aNarayan, Jayaprakash, -- 1902-1979